| 000 | 00935nam a22002537a 4500 | ||
|---|---|---|---|
| 005 | 20090912162938.0 | ||
| 008 | 090912t xxu||||| |||| 00| 0 eng d | ||
| 010 | _aB-358118 | ||
| 020 | _c150.00 | ||
| 035 | _aB-358118 | ||
| 037 | _bDBAD / PUB | ||
| 040 |
_adpl _bEnglish |
||
| 082 | _a921 | ||
| 100 | _aSharma, Rohit | ||
| 245 |
_aVeer Savarkar / _cby Rohit Sharma; illustrated by Vivek Kaushik |
||
| 260 |
_aDelhi _bR.K. Publishers & Distributors _c2007 |
||
| 270 |
_aL-45, Gali No. 5, Shivaji Marg, Kartar Nagar, _bDelhi _e110053 |
||
| 300 |
_a128p.: _bill. _c23cm(Hb) |
||
| 650 |
_aSavarkar, Vinayak Damodar _d1883-1966 |
||
| 650 |
_aRevolutionaries _xBiography _zIndia |
||
| 700 | _aKaushik, Vivek | ||
| 942 |
_2ddc _cCH _h921 _mSAV |
||
| 999 |
_c30367 _d30367 |
||